00521nam a22001697a 450000500170000001000150001702000260003203500130005803700130007108200080008424500860009226000380017827000450021630000330026150000410029470000160033520150916122503.0 aENG-113879 a9788125059073c170.00 aEN-97411 bDBAD/PUB a155 aFoundations of human development :cedited by Asha Singhba life span approach /  aNew DelhibOrient BlackSwanc2015 a1/24, Asaf Ali Road, bNew Delhie110002 axii,160p. :c24cm(pbk)bill. aIncludes bibliographical references  aSingh, Asha